000 00809nas a2200265 4500
001 BR7601085
003 BR-BrBNA
005 20231205082924.0
007 ta
008 230509b bl.|||p| |||| 00| 00por d
040 _aBR-BrBNA
_bpor
_cBiblioteca Nacional de Agricultura
041 _a(Pt)
072 _aF50; F70
100 1 _aRodrigues, W.A.
245 1 _aContribuicao para o estudo do genero Monopteryx Spr. ex Benth. (Leguminosae)da Amazonia
650 _aESTRUTURA VEGETAL
650 _aCITOLOGIA VEGETAL
650 _aTAXONOMIA VEGETAL
650 _aAMAZONAS
650 _aLEGUMINOSA
650 _aDISTRIBUICAO GEOGRAFICA
773 0 _tActa Amazonica (Brazil)
_xISSN 0044-5967
_g(Aug 1975), v. 5(2) p. 153-155
_wBR7601085
909 _a202311
_bLúcia
_c55
_dLúcia Elande
942 _2AGRIS
_n0
_cANA
999 _c95122
_d95122